000 00498nam a2200181Ia 4500
999 _c29095
_d29095
003 OSt
005 20201120134904.0
008 190216s9999||||xx |||||||||||||| ||und||
020 _a9788126411108
040 _coclc
082 _a894.8123
_bLIM/H
100 _aLimbale, Sharankumar
_91759
245 0 _aHindu /
_cSharankumar Limbale
260 _bDc Books,
_a Kottayam:
_c2006.
300 _a167p
650 _aNovel
942 _cBK
_2ddc
_h894.8123
_iLIM/H
_k894.8123
_mLIM/H